Taylor Swift mystery lyrics #56 - Statistics

General Stats
  • This quiz has been taken 73 times
  • The average score is 128 of 190
Answer Stats
Answer % Correct
I
100%
the
98%
a
96%
you
93%
And
91%
and
91%
be
89%
it
89%
to
87%
we
87%
is
85%
my
85%
your
85%
Your
85%
do
83%
if
83%
of
83%
like
80%
This
80%
you're
80%
they
78%
I'll
76%
know
76%
that
76%
too
76%
but
74%
hear
74%
I'd
74%
it's
74%
just
72%
All
70%
are
70%
can't
70%
don't
70%
say
70%
as
69%
with
67%
think
61%
night
59%
should
59%
get
56%
hands
56%
mine
54%
Out
54%
will
54%
eye
52%
anything
50%
has
50%
treacherous
50%
away
46%
mind
46%
sound
46%
alone
44%
long
44%
much
44%
reckless
44%
through
44%
Two
44%
Forever
43%
going
43%
nothing
43%
Put
43%
stay
43%
'til
43%
voice
43%
close
39%
home
39%
lips
39%
slope
39%
touch
39%
walk
39%
worth
39%
own
37%
bone
35%
drive
35%
follow
35%
headlights
35%
name
35%
quicksand
35%
shine
35%
dangerous
33%
friction
33%
path
33%
skin
33%
sleepless
33%
smart
33%
along
31%
Getting
31%
gravity's
31%
asking
30%
choice
30%
flow
30%
focus
30%
hope
30%
swept
30%
decide
28%
echoed
28%
safe
28%
trained
28%
daydream
22%
No matching quizzes found
Score Distribution
Percent of People with Each Score
Percentile by Number Answered
Your Score History
You have not taken this quiz